Metodologa̕ de valoracin̤ de nuevas empresas (MVNE)
Este documento presenta una nueva metodologa̕ llamada MVNE para valorar empresas nuevas y con base en los principios de valor presente ajustado. La valoracin̤ de empresas establecidas es un tp̤ico estudiado y bien documentado. Por el contrario, la valoracin̤ de empresas nuevas es menos conocida y pr...
Saved in:
| 其他作者: | , , |
|---|---|
| 格式: | 图书 |
| 语言: | 西班牙语 |
| 主题: | |
| 在线阅读: | Metodologa̕ de valoracin̤ de nuevas empresas (MVNE) |
| 标签: |
添加标签
没有标签, 成为第一个标记此记录!
|
MARC
| LEADER | 00000nam a22000004a 4500 | ||
|---|---|---|---|
| 001 | vpro2476 | ||
| 005 | 20201223000000.0 | ||
| 008 | 120901s2011 ck # g## #001 0#spa#d | ||
| 020 | |||
| 022 | |||
| 040 | |a CO-BoINGC | ||
| 041 | 0 | |a spa | |
| 245 | 1 | 0 | |a Metodologa̕ de valoracin̤ de nuevas empresas (MVNE) |
| 246 | |a Methodology for valuing new companies (MVNE) | ||
| 264 | |a Bogot ̀(Colombia) : |b Revista VirtualPRO, |c 2011 | ||
| 520 | 3 | |a Este documento presenta una nueva metodologa̕ llamada MVNE para valorar empresas nuevas y con base en los principios de valor presente ajustado. La valoracin̤ de empresas establecidas es un tp̤ico estudiado y bien documentado. Por el contrario, la valoracin̤ de empresas nuevas es menos conocida y presenta desafo̕s tanto en el modelamiento como en el cl̀culo de su valor, pues regularmente tienen přdidas operacionales durante los primeros aǫs de operacin̤ debido a su rp̀ido crecimiento.La metodologa̕ que proponen los autores resuelve tres errores tp̕icos cometidos en la prc̀tica. Adems̀, se presenta una solucin̤ general para estimar el valor presente del ahorro tributario de los gastos financieros, ya sea que la firma tenga ganancias o přdidas. Finalmente, la metodologa̕ permite calcular el valor del patrimonio para negociar participacin̤ accionaria cuando se incorpora financiamiento de capital de riesgo. | |
| 650 | \ | \ | |a Gestin̤ de negocios |
| 650 | \ | \ | |a Gestin̤ financiera |
| 650 | \ | \ | |a Inversiones |
| 650 | \ | \ | |a Business management |
| 650 | \ | \ | |a Financial management |
| 650 | \ | \ | |a Investments |
| 650 | \ | \ | |a Anl̀isis financiero |
| 650 | \ | \ | |a Metodologa̕ de valoracin̤ de nuevas empresas |
| 650 | \ | \ | |a Valor presente neto |
| 650 | \ | \ | |a Capital de trabajo |
| 650 | \ | \ | |a Financial analysis |
| 650 | \ | \ | |a Methodology for valuing new companies |
| 650 | \ | \ | |a Net present value |
| 650 | \ | \ | |a Working capital |
| 700 | \ | \ | |a Maquieira V. Carlos |
| 700 | \ | \ | |a Willatt H. Christian |
| 700 | \ | \ | |a Universidad de Chile |
| 856 | |z Metodologa̕ de valoracin̤ de nuevas empresas (MVNE) |u https://virtualpro.unach.elogim.com/biblioteca/metodologia-de-valoracion-de-nuevas-empresas-mvne- | ||